Demografia podnikov Slovenska z pohľadu právnej formy vlastníctva podniku

Gespeichert in:
Bibliographische Detailangaben
1. Verfasser: Bolgáč, Ján, 1959-
Format: Buchkapitel
Sprache:Slowakisch
Tags: Tag hinzufügen
Keine Tags, Fügen Sie das erste Tag hinzu!

MARC

LEADER 00000naa$a2200000$$$4500
001 0209203
005 20240612121801.5
041 0 |a slo 
044 |a SK 
245 1 0 |a Demografia podnikov Slovenska z pohľadu právnej formy vlastníctva podniku  |c Ján Bolgáč 
500 |a Abstrakt 
100 1 |a Bolgáč, Ján, 1959-